00909nam a2200169 4500020001800000022001500018050001700033100001900050245009500069260004800164300004500212500001900257505024900276650008500525650008900610650004000699 a9780521576864 a052134655X aPR3100b.K46 aKennedy Dennis aLooking at Shakespeare:bA visual history of twentieth-century performancecDennis Kennedy aCambridgebCambridge University Pressc1993 axxiii. 358 pages :billustration c26 cm aIncludes Index aShakespeare and the visual -- Victorian pictures -- The scenographic revolution -- Styles of politics -- The stuffed stag and the new look -- Reinventing the stage -- The liberation of Europe -- New spaces, new audiences -- Imaging Shakespeare. aShakespeare, William, -- 1564-1616 -- Stage history -- 1950- -- Pictorial works. aShakespeare, William, -- 1564-1616 -- Stage history -- 1800-1950 -- Pictorial works. aShakespeare, William, -- 1564-1616.